Medievo utópico: sueños, ideales y utopías en el imaginario medieval
Salvato in:
| Autori principali: | , |
|---|---|
| Natura: | Libro |
| Lingua: | spagnolo |
| Pubblicazione: |
Madrid
Sílex
2011
|
| Edizione: | 1a. ed |
| Serie: | Sílex Universidad
|
| Soggetti: | |
| Tags: |
Aggiungi Tag
Nessun Tag, puoi essere il primo ad aggiungerne!!
|
MARC
| LEADER | 00000cam a2200000 a 4500 | ||
|---|---|---|---|
| 001 | UCC6042 | ||
| 003 | CL-VaPUC | ||
| 008 | 181116e20110000sp |||||||||||||||||spa|d | ||
| 020 | |a 9788477374497 | ||
| 082 | 0 | 4 | |a 306 |b ALV |2 21 |
| 100 | 0 | |a Alvira Cabrer, Martín |e author |9 600482 | |
| 700 | 0 | |a Díaz Ibáñez, Jorge |e author |9 600483 | |
| 245 | 1 | 0 | |a Medievo utópico: sueños, ideales y utopías en el imaginario medieval |
| 250 | |a 1a. ed | ||
| 300 | |a 304 p | ||
| 942 | |c BK | ||
| 945 | |d 20181116 13:40:00 |a dcastane | ||
| 260 | |a Madrid |b Sílex |c 2011 | ||
| 650 | 0 | |a Utopías |9 255961 | |
| 650 | 0 | |a Antropología cultural |9 269905 | |
| 650 | 0 | |a Civilización medieval |9 265320 | |
| 650 | 0 | |a Edad media |9 258041 | |
| 583 | |a last modification |c 20181116 13:40:00 |k Rodrigo Vera | ||
| 490 | 0 | |a Sílex Universidad | |
| 999 | |c 373110 |d 373108 | ||
| 952 | |0 0 |1 0 |3 erb |4 0 |6 306_000000000000000_ALV_2011 |7 0 |8 A |9 491056 |a BIBHIS |b BIBHIS |i 5515092 |o 306 ALV 2011 |p 5515092 |r 2025-01-20 |w 2019-11-24 |y BK |z Catalogado en:20181116 |k HIS | ||